Los amores de Paris / (Record no. 54133)

MARC details
000 -LEADER
campo de control de longitud fija 00688nam a22001815i 4500
001 - NÚMERO DE CONTROL
campo de control 54133
003 - IDENTIFICADOR DE NÚMERO DE CONTROL
campo de control ES-MaACL
005 - FECHA Y HORA DE LA ÚLTIMA TRANSACCIÓN
campo de control 20240518063026.0
007 - CAMPO FIJO DE DESCRIPCIÓN FÍSICA--INFORMACIÓN GENERAL
campo de control de longitud fija t|
008 - DATOS DE LONGITUD FIJA--INFORMACIÓN GENERAL
campo de control de longitud fija 960715s1858 sp a ||||1| spa d
040 ## - FUENTE DE CATALOGACIÓN
Centro catalogador/agencia de origen CAM
Lengua de catalogación spa
Centro/agencia transcriptor CAM
100 0# - ENTRADA PRINCIPAL--NOMBRE DE PERSONA
Nombre de persona Féval, Paul,
Fechas asociadas al nombre 1816-1887
9 (RLIN) 50646
245 14 - MENCIÓN DEL TÍTULO
Título Los amores de Paris /
Mención de responsabilidad, etc. novela escrita en francés por Pablo Feval; traducida por un literato de la corte.
260 ## - PUBLICACIÓN, DISTRIBUCIÓN, ETC.
Lugar de publicación, distribución, etc. Madrid :
Nombre del editor, distribuidor, etc. Librería Española ;
Lugar de publicación, distribución, etc. Barcelona :
Nombre del editor, distribuidor, etc. en el Plus Ultra,
Fecha de publicación, distribución, etc. 1858 (
Lugar de fabricación/manufactura Barcelona :
Fabricante Imprenta de Luis Tasso)
300 ## - DESCRIPCIÓN FÍSICA
Extensión 2 v. (336 p., [4] h. de grab.; 374 p., [4] h. de grab.) ;
Dimensiones 20 cm.
852 ## - LOCALIZACIÓN
Ubicación ES-MaACL
Número de control de estantería C-1357-8
Holdings
Estatus retirado Estado de pérdida Estado de daño No para préstamo Colección Biblioteca de origen Biblioteca actual Ubicación en estantería Fecha de adquisición Fuente de adquisición Total de préstamos Signatura topográfica completa Código de barras Visto por última vez Precio de reemplazo Tipo de ítem Koha
        Libros del s. XIX Biblioteca del Ateneo de Madrid Biblioteca del Ateneo de Madrid Sala Palomar 17/01/2008     C-1357-8 1056890 23/02/2023 23/02/2023 Libro impreso antiguo